Human rights education: modern approaches and strategies (Record no. 7233)

MARC details
000 -LEADER
fixed length control field 00421nam a2200145Ia 4500
020 ## - INTERNATIONAL STANDARD BOOK NUMBER
ISBN 9788180696794
082 ## - DEWEY DECIMAL CLASSIFICATION NUMBER
Classification number 323 SEL-H
100 ## - MAIN ENTRY--AUTHOR NAME
Personal name Selvan, A.
245 #0 - TITLE STATEMENT
Title Human rights education: modern approaches and strategies
260 ## - PUBLICATION, DISTRIBUTION, ETC. (IMPRINT)
Place of publication New Delhi
Name of publisher Concept Publishing
Year of publication 2010
300 ## - PHYSICAL DESCRIPTION
Number of Pages 280
504 ## - BIBLIOGRAPHY, ETC. NOTE
Bibliography, etc Includes appendices, bibliography and index
650 ## - SUBJECT ADDED ENTRY--TOPICAL TERM
Topical Term Human rights
Form subdivision Study and teaching (Secondary)
942 ## - ADDED ENTRY ELEMENTS (KOHA)
Koha item type Books
Holdings
Withdrawn status Lost status Damaged status Not for loan Home library Current library Date acquired Source of acquisition Bill Date Full call number Accession Number Price effective from Koha item type
        NASSDOC Library NASSDOC Library 25/05/2010 Gifted by : Sales Unit, ICSSR 2010-05-14 323 SEL-H 46308 18/04/2019 Books
        NASSDOC Library NASSDOC Library 25/05/2010 Gifted by : Sales Unit, ICSSR 2010-05-14 323 SEL-H 46309 18/04/2019 Books